| 000 | 00803cab a2200193 4500 | ||
|---|---|---|---|
| 001 | L136752 | ||
| 008 | 070221n 000 0 eng u | ||
| 035 | _a(Sirsi) u136752 | ||
| 041 | 0 | _aeng | |
| 100 | 1 | _aBowman, Stuart | |
| 245 | 0 | 0 | _aEPBD impact |
| 490 | 0 | 0 |
_aPremises and Facilities Management _vFebruary 2007, 33-34(2) |
| 520 | _aLooks at the requirements of the energy performance directive for buildings (Directive 2002/91/EC)and explains how developing ways in which to improve energy efficiency beyond good practice and towards best practice now will make facing new challenges easier in the future. | ||
| 590 | _aKA | ||
| 650 | 2 | 4 | _aDIRECTIVE 2002/91/EC |
| 651 | 4 |
_aEngland and Wales _y1543- |
|
| 690 | _aENVIRONMENTAL AND LAND CONSULTANCY-ENERGY-ENERGY USE-ENERGY EFFICIENCY | ||
| 942 | _n0 | ||
| 999 |
_c78430 _d78430 |
||